Tout sur... Star Wars - Statistiques

Statistiques générales
  • Ce quiz a été pris 562 fois
  • Le résultat moyen est 19 sur 20
Statistiques - réponses
Quel(le) est... Réponse % Correct
Le méchant tout en noir Dark Vador
99%
Sa sœur Leïa Organa
99%
Le héros de la trilogie originale Luke Skywalker
99%
Le droïde astromécano R2-D2
99%
Son vrai nom de Jedi Anakin Skywalker
98%
Le droïde de protocole doré C-3PO
98%
La phrase plus que célèbre qu'il a dit au héros "Je suis ton père"
98%
Empereur Sith, on le surnomme Dark Sidious Sheev Palpatine
98%
Vieux Jedi vert, à l'envers il parle Yoda
98%
Le nombre de films sortis au cinéma (sans compter The Clone Wars) 11
97%
Jedi qui était le Maître du méchant en noir Obi-Wan Kenobi
97%
Le Wookiee facilement susceptible Chewbacca
96%
Apprenti Sith Zabrak tatoué de rouge et de noir Dark Maul
96%
Le scénariste/producteur/réalisateur du premier film (1977) George Lucas
96%
Héroïne de la postlogie (films 7 à 9) Rey
95%
Le contrebandier corellien Han Solo
94%
Fils du chasseur de primes et de la sœur du héros, il est gentil puis méchant puis encore gentil Ben Solo | Kylo Ren
92%
Sa planète d'origine Tatooine
91%
Jedi déchu qui porte le titre de Comte Dooku
88%
Général de guerre Cyborg Grievous
83%
Aucun quiz correspondant
Distribution des résultats
% des personnes avec chaque résultat
Percentile par nombre de réponses
Votre historique - résultats
Vous n’avez pas pris ce quiz